| 000 | 00380cam a22001097a 4500 | ||
|---|---|---|---|
| 008 | 180718b1986 xxu||||| |||| 00| 0 eng d | ||
| 082 | _aL9x54 In2pe | ||
| 245 |
_aPerformance audit for development _cby The Comptroller and Auditor General, India |
||
| 260 |
_aDelhi _bThe Comptroller and Auditor General _c1986 |
||
| 300 | _a76+p. | ||
| 700 | _aIndia. The Comptroller and Auditor General | ||
| 999 |
_c500661 _d500661 |
||